000 01138nam a22003977a 4500
001 BR2020000358
003 BR-BrBNA
005 20230928105517.0
007 ta
008 230509b bl.||||| |||| 00| 0 por d
020 _a978-85-7035-220-0
040 _aBR-BrBNA
_bpor
_cBiblioteca Nacional de Agricultura
041 _a(Por)
072 _aF01; P33; P40
_b0313
090 _ 0313 BR2020000358
100 1 _aAlba, J.M.F. (ed.)
100 1 _aFlores, C.A. (ed.)
100 1 _aWrege, M.S. (ed.)
110 1 _aEmpresa Brasileira de Pesquisa Agropecuária, Brasília, DF (Brasil)
245 1 _aZoneamento edafoclimático da olivicultura para o Rio Grande do Sul
250 1 _a2. ed.
260 3 _aBrasília, DF (Brasil):
_c2014.
300 _a68 p.
500 _a25 ref.; 36 illus.; 15 tables
650 _aOLIVICULTURA
650 _aPLANTA OLEAGINOSA
650 _aOLIVEIRA
650 _aAZEITE
650 _aPEDOLOGIA
650 _aCLIMATOLOGIA
650 _aZONEAMENTO AGRÍCOLA
650 _aZONEAMENTO CLIMÁTICO
650 _aRIO GRANDE DO SUL
909 _a202309
_bLucia
_c55
_dLucia Elande
942 _cBK
999 _c85452
_d85452